书目信息 |
| 题名: |
项目可行性研究与评估
|
|
| 作者: | 王勇 , 方志达 编著 | |
| 分册: | ||
| 出版信息: | 北京 中国建筑工业出版社 2004.09 |
|
| 页数: | 460页 | |
| 开本: | 26cm | |
| 丛书名: | ||
| 单 册: | ||
| 中图分类: | F282 | |
| 科图分类: | ||
| 主题词: | 基本建设项目--可行性研究--评价 | |
| 电子资源: | ||
| ISBN: | 7-112-06793-6 | |
| 000 | 00817nam0 2200229 450 | |
| 001 | 0150407978 | |
| 005 | 20050805094053.45 | |
| 010 | @a7-112-06793-6@dCNY46.00 | |
| 100 | @a20050411d2004 km y0chiy0120 ea | |
| 101 | 0 | @achi |
| 102 | @aCN@b110000 | |
| 105 | @aa z 000yy | |
| 200 | 1 | @a项目可行性研究与评估@Axiang mu ke xing xing yan jiu yu ping gu@f王勇, 方志达编著@Fwang yong,fang zhi da bian zhu |
| 210 | @a北京@c中国建筑工业出版社@d2004.09 | |
| 215 | @a460页@c图@d26cm | |
| 330 | @a本书是一部有关可行性研究的书籍。内容包括:可行性研究与项目评估的基本问题、市场营销和拟建规模分析、原材料与供应品分析等。 | |
| 606 | 0 | @a基本建设项目@x可行性研究@x评价 |
| 690 | @aF282@v4 | |
| 701 | 0 | @a王勇@Awang yong@4编著 |
| 701 | 0 | @a方志达@Afang zhi da@4编著 |
| 801 | 0 | @aCN@bQSSK@c20050805 |
| 905 | @a10447@dF282@eW442 | |
| 项目可行性研究与评估/王勇, 方志达编著.-北京:中国建筑工业出版社,2004.09 |
| 460页:图;26cm |
| ISBN 7-112-06793-6:CNY46.00 |
| 本书是一部有关可行性研究的书籍。内容包括:可行性研究与项目评估的基本问题、市场营销和拟建规模分析、原材料与供应品分析等。 |
| ● |
| 相关链接 |
|
|
|
正题名:项目可行性研究与评估
索取号:F282/W442
 
预约/预借
| 序号 | 登录号 | 条形码 | 馆藏地/架位号 | 状态 | 备注 |
| 1 | 527627 | 205276271 | 社科库409/409社科库 102排5列3层/ [索取号:F282/W442] | 在馆 | |
| 2 | 527628 | 205276280 | 社科库409/409社科库 100排4列2层/ [索取号:F282/W442] | 在馆 |